Girls Stick Together
| Main Author: | |
|---|---|
| Format: | Book |
| Published: |
Great Britain :
Orchard Books ,
2002
|
| Series: | Girlfriends
|
| Subjects: |
MARC
| LEADER | 00000cam a2200000 7i4500 | ||
|---|---|---|---|
| 001 | 0000028695 | ||
| 005 | 20151222.0 | ||
| 008 | 091217 | ||
| 020 | |||
| 090 | 0 | 0 | |a JF |b ENG |
| 100 | 1 | |a Ure, Jean | |
| 245 | 0 | 0 | |a Girls Stick Together |c Jean Ure |
| 260 | |a Great Britain : |b Orchard Books , |c 2002 | ||
| 440 | |a Girlfriends | ||
| 500 | |a Children ages 10-12 years old (pink) | ||
| 650 | 0 | |a Female friendship |x Juvenille fiction | |
| 655 | 0 | 1 | |a Children's fiction |
| 999 | |a 0001039842 |b Book |c Children Collection |e Perbadanan Perpustakaan Awam Johor | ||